000 00522nam a22001812 4500
001 0000007324
005 20151217160112.0
008 080109s xx 000 0 eng d
020 _a9966469540 :
_cKES 165
040 _aKABU
_cKABU
100 1 _aKamau, George G. N.
_@0000158551
245 1 0 _aAdventures of Pongo and uncle Talema /
_cGeorge G. N. Kamau.
260 _aNairobi :
_bE. A. E. P.,
_c1994.
300 _a61 p.
908 _a080109
950 _@1
999 _c14268
_d14268